000 00573nam a2200181 a 4500
005 20140310183440.0
008 080418s19uu xx 00 eng d
020 _a0534626416
050 _aLC 3981
_b.G37 2006
100 _aGargiulo, Richard M.
245 _aSpecial education in contemporary society :
_ban introduction to exceptionality /
_cRichard M. Gargiulo
260 _aU.S.A :
_bThomson Wadsworth,
_c2006.
300 _a693 p. :
_bill. col. ;
_c27 cm.
521 _aEDU
650 _aSpecial education
_xUnited States.
942 _cBK
_2lcc
_kFOR
999 _c23084
_d23084